<?xml version="1.0" encoding="UTF-8"?>
<marc:record xmlns:marc="http://www.loc.gov/MARC21/slim">
   <marc:leader>00000nam a2200000 a 4500</marc:leader>
   <marc:datafield ind1="1" ind2=" " tag="100">
      <marc:subfield code="a">Goldammer, Frank</marc:subfield>
      <marc:subfield code="4">aut</marc:subfield>
      <marc:subfield code="e">Verfasser/-in</marc:subfield>
   </marc:datafield>
   <marc:datafield ind1="1" ind2=" " tag="100">
      <marc:subfield code="a">Deutschmann, Heikko</marc:subfield>
      <marc:subfield code="4">stl</marc:subfield>
      <marc:subfield code="e">Erzähler/-in</marc:subfield>
   </marc:datafield>
   <marc:datafield ind1="0" ind2="0" tag="245">
      <marc:subfield code="a">Der Angstmann</marc:subfield>
   </marc:datafield>
   <marc:datafield ind1="0" ind2="0" tag="245">
      <marc:subfield code="c">Frank Goldammer ; Lesung mit Heikko Deutschmann</marc:subfield>
   </marc:datafield>
   <marc:datafield ind1=" " ind2="1" tag="264">
      <marc:subfield code="a">Berlin</marc:subfield>
      <marc:subfield code="b">DAV</marc:subfield>
      <marc:subfield code="c">2016</marc:subfield>
   </marc:datafield>
   <marc:datafield ind1="1" ind2=" " tag="520">
      <marc:subfield code="a">Angaben aus der Verlagsmeldung

Der Angstmann : Ungekürzte Lesung mit Heikko Deutschmann (1 mp3-CD) / von Frank Goldammer

Dresden, November 1944: Die Lage für die Bevölkerung spitzt sich zu. Flüchtlinge strömen zu Tausenden in die Stadt. Bombenalarm gehört zum Alltag. Da wird Kriminalinspektor Max Heller zu einer grausam zugerichteten Frauenleiche geholt. Schnell geht das Gerücht um: Das war der Angstmann, der nachts durch die Ruinen schleicht. Inmitten des Chaos des letzten Kriegswinters begibt sich Heller auf die Suche nach dem kaltblütigen Täter. Als die Stadt im Februar 1945 größtenteils zerstört wird, hält man auch den Mörder für tot. Doch der Angstmann kehrt zurück. Eine atemberaubende Krimi-Entdeckung – gelesen von Heikko Deutschmann.

Ungekürzte Lesung mit Heikko Deutschmann
1 mp3-CD | ca. 9 h 50 min
</marc:subfield>
   </marc:datafield>
   <marc:datafield ind1=" " ind2=" " tag="020">
      <marc:subfield code="a">9783862318308</marc:subfield>
      <marc:subfield code="9">9783862318308</marc:subfield>
   </marc:datafield>
   <marc:datafield ind1=" " ind2=" " tag="020">
      <marc:subfield code="a">3862318303</marc:subfield>
      <marc:subfield code="9">3862318303</marc:subfield>
   </marc:datafield>
   <marc:datafield ind1=" " ind2=" " tag="041">
      <marc:subfield code="a">ger</marc:subfield>
   </marc:datafield>
   <marc:datafield ind1=" " ind2=" " tag="300">
      <marc:subfield code="a">1 CD</marc:subfield>
   </marc:datafield>
</marc:record>
